| 000 | 00366nam a2200145 a 4500 | ||
|---|---|---|---|
| 005 | 20140414093837.0 | ||
| 008 | 030610s19uu xx 00 eng d | ||
| 050 |
_aCD 523.1 _bUni 1996 |
||
| 245 |
_aIsaac Asimov's library of the universe : _bthe universe. |
||
| 650 | _aUniverse. | ||
| 650 | _aCD-ROM. | ||
| 650 | _aAstronomy. | ||
| 942 | _cAVM | ||
| 999 |
_c109072 _d109072 |
||